Operační riziko: s čím konkrétně přichází Basel II?

Nová kapitálová dohoda Bazilej II dostáva do popredia záujmu okrem úverového rizika i ďalšiu zložku bankových rizík - riziko operačné. Prvý pilier: minimálne kapitálové požiadavky. Metódy kalkulácie kapitálových požiadaviek. Druhý a tretí pilier: proces dohľadu a trhová disciplína.

Na minha lista:
Detalhes bibliográficos
Autor principal: Vojáček, Jan
Formato: Capítulo de Livro
Idioma:tcheco
Assuntos:
Tags: Adicionar Tag
Sem tags, seja o primeiro a adicionar uma tag!

MARC

LEADER 00000naa$a2200000$$$4500
001 0027345
005 20231010083937.5
041 0 |a cze 
044 |a CZ 
245 1 0 |a Operační riziko: s čím konkrétně přichází Basel II?  |c Jan Vojáček 
520 |a Nová kapitálová dohoda Bazilej II dostáva do popredia záujmu okrem úverového rizika i ďalšiu zložku bankových rizík - riziko operačné. Prvý pilier: minimálne kapitálové požiadavky. Metódy kalkulácie kapitálových požiadaviek. Druhý a tretí pilier: proces dohľadu a trhová disciplína. 
610 2 0 |a banky 
610 2 0 |a primeranosť kapitálová 
610 2 0 |a riziko operačné 
610 2 0 |a riziko bankové 
610 2 0 |a kalkulácia 
610 2 0 |a Bazilej II 
100 1 |a Vojáček, Jan